Le nom des habitants par pays #9 - Statistiques

Statistiques générales
  • Ce quiz a été pris 140 fois
  • Le résultat moyen est 10 sur 16
Statistiques - réponses
Pays Gentilé % Correct
Afghanistan Afghan
94%
Cambodge Cambodgien
94%
Serbie Serbe
94%
Guyana Guyanais
88%
Zambie Zambien
87%
Bosnie Bosnien
84%
Togo Togolais
76%
Chypre Chypriote
73%
Suriname Surinamien
70%
Koweït Koweïtien
68%
Dominique Dominiquais
40%
Costa Rica Costaricien
38%
Liechtenstein Liechtensteinois
35%
Émirats - arabes unis Emirien
20%
Tuvalu Tuvaluan
18%
Trinité-et-Tobago Trinidadien
16%
Aucun quiz correspondant
Distribution des résultats
% des personnes avec chaque résultat
Percentile par nombre de réponses
Votre historique - résultats
Vous n’avez pas pris ce quiz